logo

Bir Sreshtho Munshi Abdur Rouf Library
Jhenaidah Cadet College

চিলড্রেন নলেজ ব্যাংক / (Record no. 3290)

MARC details
000 -LEADER
fixed length control field 00724nam a2200229 a 4500
001 - CONTROL NUMBER
JCCL Control Number 3290
003 - CONTROL NUMBER IDENTIFIER
JCCL marc code BD-JhCC
005 - DATE AND TIME OF LATEST TRANSACTION
control field 20171112174000.0
008 - FIXED-LENGTH DATA ELEMENTS--GENERAL INFORMATION
fixed length control field 171112s1985198 ii a|||| |||a 000 0 ben d
035 ## - SYSTEM CONTROL NUMBER
system control number (BD-JhCC)3290
040 ## - CATALOGING SOURCE
Original cataloging agency BD-JhCC
Modifying agency BD-JhCC
041 ## - LANGUAGE CODE
Language code of Book ben
082 ## - DEWEY DECIMAL CLASSIFICATION NUMBER
Classification number 001
Author mark and Year GOP 1987
100 ## - MAIN ENTRY--PERSONAL NAME
Personal name গুপ্তা, সুনিত
245 ## - TITLE STATEMENT
Title চিলড্রেন নলেজ ব্যাংক /
Statement of responsibility, etc সুনিত গুপ্তা,
260 ## - PUBLICATION, DISTRIBUTION, ETC. (IMPRINT)
Place of publication, distribution, etc Delhi :
Name of publisher, distributor, etc Pustak Mahal,
Date of publication, distribution, etc 1987
300 ## - PHYSICAL DESCRIPTION
Pagination 236 p. :
Dimensions 24 cm.
650 ## - SUBJECT ADDED ENTRY--TOPICAL TERM
Topical term or geographic name as entry element General knowledge
700 ## - ADDED ENTRY--PERSONAL NAME
Personal name রায়, শ্রীস্বপন প্রসন্ন (বাংলা সম্পা)
942 ## - ADDED ENTRY ELEMENTS (KOHA)
Source of classification or shelving scheme Dewey Decimal Classification
Koha item type Books
Holdings
Source of classification or shelving scheme volume number Damaged status Not for loan Home library Current library Shelving location Date of accession Cost, normal purchase price Total Checkouts Full call number Barcode Date last seen Copy number Koha item type
Dewey Decimal Classification V-3     JCC Rouf Library JCC Rouf Library General Stacks 11/12/2017 30.00   001 GOP 1987 4446 11/12/2017 C-1 Books

JCC Library | Contacts | JCC Home

Last Update on 23 September 2017
Copyright @ 2017-2020 JCC Rouf Library
Rouf Library, Jhenidah Cadet College (JCC), Bangladesh